Engineering mathematics

Saved in:
Bibliographic Details
Main Author: Bajpai, A. C. (Avinash Chandra)
Other Authors: Mustoe, L. R., Walker, Dennis
Format: Book
Language:English
Published: Chichester ; New York : John Wiley & Sons, 1996, c1989
Edition:2nd ed., Repr.
Subjects:
Tags: Add Tag
No Tags, Be the first to tag this record!

MARC

LEADER 00000nam a2200000 i 4500
001 1/49790
008 980723s19891996 eng d
020 |a 0-471-92283-8 
035 |l 10043704 
040 |a GR-MY-UA  |b gre  |e aacr 
041 0 |a eng 
082 0 |a 510.2462 
100 1 |a Bajpai, A. C.  |q (Avinash Chandra) 
245 1 0 |a Engineering mathematics /  |c A.C. Bajpai, L.R. Mustoe, D.Walker ; in collaboration with W.T. Martin 
250 |a 2nd ed., Repr. 
260 |a Chichester ; New York :   |b John Wiley & Sons,   |c 1996, c1989 
300 |a xiii, 714 p.;  |b ill.;  |c 23 cm. 
500 |a Includes index 
650 0 0 |a Engineering mathematics. 
700 1 |a Mustoe, L. R. 
700 1 |a Walker, Dennis. 
852 |a INST  |b SAMOS  |e 19980723  |h 510.2462 BAJ  |p 005300010876  |q 005300010876  |t BK  |y 0 
901 |a BIBL-1998-2 
909 |a Σ  |b 057562 
922 |a 3ΕΛΗ  |b 199807  |c ΔΩΡ  |d JOHN WILEY